00458 a2200169 450000100060000002000150000604000240002110000200004524000270006524500220009230000060011436200090012065000310012994200070016095201040016799900170027145370 a8504007073 cAnchieta - Aquarius aMurray, Roseana10aO mar e os sonhoslpor10aO mar e os sonhos a 0 a2004 4aLiteratura infanto-juvenil cBK 00104070a87.1b87.1d2023-11-21l0o028.5 MUR MARp2322/AQUr2023-11-21 15:11:31w2023-11-21yBK c45370d45370